[Event "BRA-ch Amateur"]
[Site "Sao Paulo"]
[Date "2013.02.10"]
[Round "3"]
[White "Cardozo, Matheus Santos"]
[Black "Carlos Damata, Luiz"]
[Result "0-1"]
[WhiteElo "1769"]
[BlackElo "2033"]
[PlyCount "107"]
[EventDate "2013.02.09"]
[EventType "swiss"]
[EventRounds "7"]
[EventCountry "BRA"]
[SourceTitle "CBM 152 Extra"]
[Source "ChessBase"]
[SourceDate "2013.02.25"]
[SourceVersion "1"]
[SourceVersionDate "2013.02.25"]
[SourceQuality "1"]

1. e4 c5 2. Nc3 Nc6 3. g3 g6 4. Bg2 Bg7 5. d3 e6 6. Be3 Nd4 7. Nge2 Rb8 8. 0-0 b5 9. Qd2 b4 10. Nd1 Ne7 11. Nxd4 cxd4 12. Bh6 0-0 13. Bxg7 Kxg7 14. c3 bxc3 15. bxc3 Qa5 16. Qc2 dxc3 17. Qxc3+ Qxc3 18. Nxc3 Ba6 19. Rfd1 Rfc8 20. Rac1 Rb2 21. Bf1 Nc6 22. d4 Bxf1 23. Kxf1 Nb4 24. a3 Nc2 25. Nb1 Rcb8 26. d5 e5 27. Rd2 Nd4 28. Rxb2 Rxb2 29. Nc3 Nb3 30. Rd1 Nd2+ 31. Kg1 Rc2 32. Nb5 a6 33. Nd6 Kf8 34. f4 Nf3+ 35. Kf1 Nxh2+ 36. Kg1 Ke7 37. Nc8+ Kd8 38. Nd6 Nf3+ 39. Kf1 Ke7 40. fxe5 Nxe5 41. Nb7 d6 42. Rb1 Nc4 43. Kg1 Kd7 44. a4 Nd2 45. Rb6 Nxe4 46. Rxa6 Nxg3 47. Na5 Ne2+ 48. Kf1 Nf4 49. Nb7 Nxd5 50. Rxd6+ Kc7 51. Rxd5 Kxb7 52. Rd7+ Rc7 53. Rd8 Kc6 54. Rh8 0-1

[Event "BRA-ch Amateur"]
[Site "Sao Paulo"]
[Date "2013.02.09"]
[Round "1"]
[White "Dinegri, Rodrigo"]
[Black "Carlos Damata, Luiz"]
[Result "0-1"]
[WhiteElo "1629"]
[BlackElo "2033"]
[PlyCount "72"]
[EventDate "2013.02.09"]
[EventType "swiss"]
[EventRounds "7"]
[EventCountry "BRA"]
[SourceTitle "CBM 152 Extra"]
[Source "ChessBase"]
[SourceDate "2013.02.25"]
[SourceVersion "1"]
[SourceVersionDate "2013.02.25"]
[SourceQuality "1"]

1. d4 Nf6 2. Nf3 e6 3. c4 b6 4. Nc3 Bb7 5. Bg5 Bb4 6. Rc1 h6 7. Bh4 g5 8. Bg3 Ne4 9. Nd2 Bxc3 10. bxc3 Nxg3 11. hxg3 f5 12. e4 g4 13. f3 Qg5 14. f4 Qg6 15. e5 Nc6 16. Rb1 0-0 17. Kf2 d6 18. Qc2 dxe5 19. dxe5 Rad8 20. c5 Kg7 21. Be2 Qf7 22. Rh4 Qe7 23. Nb3 Na5 24. Rbh1 Nxb3 25. axb3 Be4 26. Qc1 Qxc5+ 27. Kf1 Rh8 28. b4 Qd5 29. R1h2 Qd2 30. Qxd2 Rxd2 31. Ke1 Rc2 32. c4 a5 33. bxa5 bxa5 34. Rh1 Bxg2 35. R4h2 Bxh1 36. Rxh1 Rb8 0-1

[Event "Paulista-chT"]
[Site "Sao Paulo"]
[Date "2010.02.27"]
[Round "6"]
[White "Pimentel, Rafael Favarin G"]
[Black "Carlos Damata, Luiz"]
[Result "0-1"]
[WhiteElo "2031"]
[BlackElo "2063"]
[PlyCount "20"]
[EventDate "2010.02.20"]
[EventType "team"]
[EventRounds "7"]
[EventCountry "BRA"]
[SourceTitle "EXT 2011"]
[Source "ChessBase"]
[SourceDate "2010.11.26"]
[SourceVersion "1"]
[SourceVersionDate "2010.11.26"]
[SourceQuality "1"]
[WhiteTeam "Guaira"]
[BlackTeam "CMSP"]
[WhiteTeamCountry "BRA"]
[BlackTeamCountry "BRA"]

1. Nf3 f5 2. d4 Nf6 3. b3 e6 4. Bb2 b6 5. Nbd2 Bb7 6. e3 Be7 7. Bb5 0-0 8. Qe2 Ne4 9. Nxe4 fxe4 10. Nd2 a6 0-1

[Event "Paulista-chT"]
[Site "Sao Paulo"]
[Date "2010.02.20"]
[Round "2"]
[White "Disconzi da Silva, Rodrigo"]
[Black "Carlos Damata, Luiz"]
[Result "1-0"]
[WhiteElo "2366"]
[BlackElo "2063"]
[PlyCount "41"]
[EventDate "2010.02.20"]
[EventType "team"]
[EventRounds "7"]
[EventCountry "BRA"]
[SourceTitle "EXT 2011"]
[Source "ChessBase"]
[SourceDate "2010.11.26"]
[SourceVersion "1"]
[SourceVersionDate "2010.11.26"]
[SourceQuality "1"]
[WhiteTeam "Pinheiros"]
[BlackTeam "CMSP"]
[WhiteTeamCountry "BRA"]
[BlackTeamCountry "BRA"]

1. c4 e5 2. Nc3 Nc6 3. g3 Bc5 4. Bg2 f5 5. a3 d6 6. e3 Nf6 7. Nge2 0-0 8. d4 Bb6 9. 0-0 Qe8 10. b4 a5 11. Rb1 f4 12. c5 Ba7 13. b5 Ne7 14. b6 cxb6 15. cxb6 Bb8 16. exf4 Qh5 17. Rb5 Bh3 18. fxe5 Bxg2 19. exf6 Qf3 20. fxe7 Re8 21. Nf4 1-0